| 000 | 02471nam0a2200373 i 4500 | ||
|---|---|---|---|
| 001 | RU\NLR\BIBL_A\010858829 | ||
| 005 | 20241103105715.0 | ||
| 010 |
_a9785779507325 _950 |
||
| 021 |
_aRU _b2015-67778 _94055 |
||
| 035 | _a(NILC)RuMoRGB-008011385 | ||
| 035 | _a(NLR Aleph) 010858829 | ||
| 090 |
_a10410881 _c10410881 |
||
| 100 | _a20151009d2015 km y0rusy50 ca | ||
| 101 | 0 | _arus | |
| 102 | _aRU | ||
| 105 | _aa|||z|||110yy | ||
| 200 | 1 |
_aИнновационные технологии в инженерной графике: проблемы и перспективы _eсборник трудов Международной научно-практической конференции, 27 марта 2015 года, Брест, Республика Беларусь, Новосибирск, Российская Федерация _f[отв. ред. К. А. Вольхин, к.п.н., доц.] |
|
| 210 |
_aНовосибирск _cНГАСУ (Сибстрин) _d2015 |
||
| 215 |
_a296 с. _cил. _d21 |
||
| 300 | _aВ надзаг.: М-во образования и науки Российской Федерации, Новосибирский гос. архитектурно-строит. ун-т (Сибстрин), М-во образования Республики Беларусь, Брестский гос. технический ун-т | ||
| 300 | _aПосвящается 85-летию Новосибирского государственного архитектурно-строительного университета (Сибстрин) | ||
| 320 | _aБиблиогр. в конце ст. | ||
| 606 |
_aИнженерная графика _jСъезды, совещания и т.п _91251438 _3RU\NLR\AUTH\66512338 |
||
| 675 | _a744 | ||
| 686 | 1 | _aЖ11я431(0) | |
| 702 | 1 |
_aВольхин _bК. А. _gКонстантин Анатольевич _4340 |
|
| 711 | 1 | 2 |
_a"Инновационные технологии в инженерной графике: проблемы и перспективы", международная научно-практическая конференция _eБрест/Новосибирск _f2015 _9486805 _3RU\NLR\AUTH\880410572 |
| 801 | 0 |
_aRU _bРГБ _c20150902 _gRCR |
|
| 801 | 2 |
_aRU _bРГБ _c20150911 _grcr |
|
| 801 | 1 |
_aRU _bРГБ _c20150902 _2rusmarc |
|
| 942 | _cBOOK | ||
| 980 | _aNBR | ||